A guide for protective screening of overpass structures /

Bibliographic Details
Corporate Author: American Association of State Highway Officials. Committee on Planning and Design Policies
Format: Book
Language:English
Published: Washington, D. C. : The Association, [1969]
Subjects:

MARC

Tag First Indicator Second Indicator Subfields
LEADER 00000cam a2200000 a 4500
001 in00000079742
005 20151008054002.0
008 760412s1969 dcua 00010 eng d
035 |a (OCoLC)02106800 
035 |9 AAH9276AM 
040 |a MYG  |c MYG  |d TXA  |d UtOrBLW 
049 |a TXAM  |c 1 [387378], 2 [271779] 
090 |a TE279.5  |b  A4 
110 2 |a American Association of State Highway Officials.  |b Committee on Planning and Design Policies. 
245 1 2 |a A guide for protective screening of overpass structures /  |c prepared by the Committee on Planning and Design Policies of the American Association of State Highway Officials. 
264 1 |a Washington, D. C. :  |b The Association,  |c [1969] 
264 4 |c ©1969 
300 |a 16 pages :  |b illustrations ;  |c 23 cm. 
336 |a text  |b txt  |2 rdacontent 
337 |a unmediated  |b n  |2 rdamedia 
338 |a volume  |b nc  |2 rdacarrier 
650 0 |a Pedestrian facilities design. 
999 |a MARS 
999 f f |s 7fe3cac4-702e-3715-b45b-951bd1c136cb  |i 383ddf1a-34f7-358d-967e-8bf483fd6992  |t 0 
952 f f |p ric  |a Texas A&M University  |b Rellis Campus  |c Joint Library Facility  |d Remote Storage  |t 0  |e TE279.5 A4  |h Library of Congress classification  |i unmediated -- volume  |m A14806246897 
998 f f |a TE279.5 A4  |t 0  |l Remote Storage